000 00899cab a2200277 4500
001 ABS55993
008 090401t1996 xxu||||| |||| 00| 0 eng d
035 _a(Sirsi) u20309
041 _aeng
100 _aFanning, D.
245 _aLand deal threatens Korean investment
260 _c1996
350 _a0
490 _aEstates Gazette
_v(9641) 12 October 1996, 60-61(2)
520 _aExamines the argument over large subsidies and grants expended to attract inward investment, focusing on the £1.7bn deal between Korean conglomerate LG Group and the Welsh Development Agency.
650 _aGRANT AID
650 _aIMPERIAL PARK
650 _aINWARD INVESTMENT
650 _aLG GROUP
650 _aREGIONAL DEVELOPMENT
650 _aSOUTH WALES
650 _aWELSH DEVELOPMENT AGENCY
690 _aPROPERTY-PROPERTY FINANCE AND INVESTMENT
942 _n0
948 _c04/03/1997
999 _c13607
_d13607